[Event "SS Manhem Chess Week 2016 GM and IM tournaments"]
[Site "Idrottsvägen 2, Mölnlycke, Sweden"]
[Date "2016.08.13"]
[Round "1.5"]
[White "Hultin, Johan"]
[Black "Blomqvist, Erik"]
[Result "0-1"]
[BlackElo "2557"]
[WhiteElo "2340"]
[LiveChessVersion "1.4.8"]

1. d4 {[%clk 1:27:23]} d5 {[%clk 1:30:48]} 2. c4 {[%clk 1:27:47]} c6
{[%clk 1:31:09]} 3. Nf3 {[%clk 1:28:11]} Nf6 {[%clk 1:31:33]} 4. Nc3
{[%clk 1:28:13]} dxc4 {[%clk 1:28:57]} 5. a4 {[%clk 1:28:25]} Bf5
{[%clk 1:29:23]} 6. e3 {[%clk 1:28:25]} e6 {[%clk 1:29:40]} 7. Bxc4
{[%clk 1:28:49]} Bb4 {[%clk 1:29:58]} 8. O-O {[%clk 1:29:11]} O-O
{[%clk 1:29:33]} 9. Qe2 {[%clk 1:29:35]} Nbd7 {[%clk 1:29:42]} 10. e4
{[%clk 1:29:47]} Bg6 {[%clk 1:29:51]} 11. Bd3 {[%clk 1:30:09]} Bh5
{[%clk 1:30:02]} 12. Bf4 {[%clk 1:28:43]} Re8 {[%clk 1:25:20]} 13. h3
{[%clk 1:28:35]} e5 {[%clk 1:18:46]} 14. dxe5 {[%clk 1:20:20]} Bxf3
{[%clk 1:18:33]} 15. Qxf3 {[%clk 1:18:54]} Nxe5 {[%clk 1:18:56]} 16. Bxe5
{[%clk 1:19:02]} Rxe5 {[%clk 1:19:19]} 17. Ne2 {[%clk 0:53:20]} Qe7
{[%clk 1:15:29]} 18. Ng3 {[%clk 0:51:47]} g6 {[%clk 1:15:29]} 19. Qe2
{[%clk 0:40:18]} Rg5 {[%clk 1:08:23]} 20. Qe3 {[%clk 0:29:12]} h6
{[%clk 0:52:42]} 21. Kh1 {[%clk 0:28:02]} Bc5 {[%clk 0:49:32]} 22. Qe1
{[%clk 0:28:26]} Bb4 {[%clk 0:38:39]} 23. Qe3 {[%clk 0:28:50]} Re8
{[%clk 0:38:05]} 24. f4 {[%clk 0:15:02]} Nd5 {[%clk 0:33:14]} 25. Qf3
{[%clk 0:14:08]} Nxf4 {[%clk 0:33:37]} 26. Qxf4 {[%clk 0:12:32]} Bd6
{[%clk 0:34:02]} 27. e5 {[%clk 0:12:24]} Bxe5 {[%clk 0:33:53]} 28. Nf5
{[%clk 0:07:35]} Rxf5 {[%clk 0:17:05]} 29. Qxh6 {[%clk 0:07:27]} Bg7
{[%clk 0:17:08]} 30. Qd2 {[%clk 0:07:25]} Rxf1+ {[%clk 0:17:00]} 31. Rxf1
{[%clk 0:07:52]} Qh4 {[%clk 0:13:31]} 32. b3 {[%clk 0:06:22]} Bh6
{[%clk 0:07:46]} 33. Qf2 {[%clk 0:03:23]} Qxf2 {[%clk 0:07:58]} 34. Rxf2
{[%clk 0:03:52]} Kg7 {[%clk 0:08:15]} 35. Bc4 {[%clk 0:03:22]} Re7
{[%clk 0:06:38]} 36. h4 {[%clk 0:02:34]} a6 {[%clk 0:06:05]} 37. Re2
{[%clk 0:01:24]} Rd7 {[%clk 0:06:10]} 38. Rf2 {[%clk 0:01:04]} b5
{[%clk 0:03:05]} 39. axb5 {[%clk 0:01:32]} axb5 {[%clk 0:03:27]} 40. Bf1
{[%clk 0:01:45]} Rd1 {[%clk 0:01:08]} 41. g4 {[%clk 0:26:09]} Rd4
{[%clk 0:22:21]} 42. Bh3 {[%clk 0:25:54]} Bd2 {[%clk 0:20:57]} 43. Bf1
{[%clk 0:22:52]} Be1 {[%clk 0:18:01]} 44. Rh2 {[%clk 0:21:49]} Rxg4
{[%clk 0:16:26]} 45. h5 {[%clk 0:22:18]} Bg3 {[%clk 0:13:21]} 46. Rh3
{[%clk 0:22:27]} Be5 {[%clk 0:13:13]} 47. hxg6 {[%clk 0:22:49]} Kxg6
{[%clk 0:13:04]} 48. Bd3+ {[%clk 0:20:55]} Kg5 {[%clk 0:13:07]} 49. Rf3
{[%clk 0:19:30]} f6 {[%clk 0:13:13]} 50. Bf5 {[%clk 0:19:44]} Rd4
{[%clk 0:12:37]} 51. Be6 {[%clk 0:19:21]} c5 {[%clk 0:12:01]} 52. Kg2
{[%clk 0:19:48]} c4 {[%clk 0:11:15]} 53. bxc4 {[%clk 0:20:13]} bxc4
{[%clk 0:11:41]} 54. Rf5+ {[%clk 0:20:05]} Kg6 {[%clk 0:11:19]} 55. Rf2
{[%clk 0:20:23]} c3 {[%clk 0:11:17]} 56. Bf5+ {[%clk 0:20:41]} Kf7
{[%clk 0:10:45]} 57. Kf3 {[%clk 0:20:36]} Ke7 {[%clk 0:10:22]} 58. Ke3
{[%clk 0:21:01]} Kd6 {[%clk 0:10:19]} 59. Be4 {[%clk 0:21:04]} Kc5
{[%clk 0:10:17]} 60. Bd3 {[%clk 0:21:28]} Rh4 {[%clk 0:09:50]} 61. Rg2
{[%clk 0:21:13]} Kb4 {[%clk 0:09:43]} 62. Bc2 {[%clk 0:21:16]} Ka3
{[%clk 0:09:22]} 63. Bf5 {[%clk 0:20:30]} Rd4 {[%clk 0:08:28]} 64. Rg7
{[%clk 0:20:11]} Rd2 {[%clk 0:07:44]} 65. Ra7+ {[%clk 0:20:29]} Kb4
{[%clk 0:07:31]} 66. Rb7+ {[%clk 0:20:58]} Kc4 {[%clk 0:07:25]} 67. Kd4+ 0-1

[Event "SS Manhem Chess Week 2016 GM and IM tournaments"]
[Site "Idrottsvägen 2, Mölnlycke, Sweden"]
[Date "2016.08.13"]
[Round "1.6"]
[White "Nygren, Kim"]
[Black "Ernst, Thomas"]
[Result "0-1"]
[BlackElo "2357"]
[WhiteElo "2240"]
[LiveChessVersion "1.4.8"]

1. d4 {[%clk 1:30:57]} d5 {[%clk 1:29:59]} 2. Bf4 {[%clk 1:31:17]} Nf6
{[%clk 1:28:58]} 3. e3 {[%clk 1:31:28]} Bg4 {[%clk 1:20:19]} 4. f3
{[%clk 1:30:32]} Bf5 {[%clk 1:19:13]} 5. g4 {[%clk 1:30:10]} Bg6 {[%clk 1:19:26]}
6. c4 {[%clk 1:29:02]} e6 {[%clk 1:15:21]} 7. Nc3 {[%clk 1:28:00]} dxc4
{[%clk 1:11:25]} 8. Bxc4 {[%clk 1:25:41]} Bd6 {[%clk 1:10:55]} 9. Bg5
{[%clk 1:24:26]} Nc6 {[%clk 1:07:42]} 10. Nge2 {[%clk 1:22:58]} h6
{[%clk 0:46:40]} 11. Bh4 {[%clk 1:21:05]} h5 {[%clk 0:44:15]} 12. g5
{[%clk 1:19:53]} Nd7 {[%clk 0:44:18]} 13. e4 {[%clk 1:17:11]} Nb6
{[%clk 0:38:20]} 14. Bb3 {[%clk 1:15:06]} Na5 {[%clk 0:35:36]} 15. O-O
{[%clk 1:09:54]} Nxb3 {[%clk 0:34:10]} 16. Qxb3 {[%clk 1:09:41]} O-O
{[%clk 0:28:20]} 17. f4 {[%clk 1:08:24]} c5 {[%clk 0:27:57]} 18. f5
{[%clk 1:06:08]} exf5 {[%clk 0:28:13]} 19. exf5 {[%clk 1:06:24]} Bh7
{[%clk 0:28:37]} 20. Ne4 {[%clk 1:03:15]} Re8 {[%clk 0:18:58]} 21. N2g3
{[%clk 0:57:39]} Bxg3 {[%clk 0:16:39]} 22. Nxg3 {[%clk 0:46:39]} Qxd4+
{[%clk 0:16:27]} 23. Rf2 {[%clk 0:46:35]} Re3 {[%clk 0:09:24]} 24. Qc2
{[%clk 0:45:48]} Qxh4 {[%clk 0:09:40]} 25. g6 {[%clk 0:45:59]} c4
{[%clk 0:06:44]} 26. gxh7+ {[%clk 0:45:38]} Kh8 {[%clk 0:06:36]} 27. Qd2
{[%clk 0:38:45]} Rae8 {[%clk 0:06:46]} 28. Qa5 {[%clk 0:39:08]} Qd4
{[%clk 0:02:09]} 29. f6 {[%clk 0:39:10]} g6 {[%clk 0:01:56]} 30. Raf1
{[%clk 0:28:33]} h4 {[%clk 0:01:41]} 31. Qg5 {[%clk 0:18:31]} hxg3
{[%clk 0:01:40]} 32. hxg3 {[%clk 0:18:22]} R8e5 {[%clk 0:01:23]} 33. Qh6
{[%clk 0:18:17]} Rxg3+ {[%clk 0:01:46]} 34. Kh2 {[%clk 0:18:38]} Rh5+
{[%clk 0:01:55]} 35. Qxh5 {[%clk 0:19:00]} gxh5 {[%clk 0:02:15]} 36. Kxg3
{[%clk 0:19:26]} Nd5 {[%clk 0:01:54]} 0-1

[Event "SS Manhem Chess Week 2016 GM and IM tournaments"]
[Site "Idrottsvägen 2, Mölnlycke, Sweden"]
[Date "2016.08.13"]
[Round "1.7"]
[White "Franco Alonso, Alejandro"]
[Black "Ziegler, Ari"]
[Result "1-0"]
[BlackElo "2301"]
[WhiteElo "2430"]
[LiveChessVersion "1.4.8"]

1. c4 {[%clk 1:30:53]} g6 {[%clk 1:30:53]} 2. d4 {[%clk 1:31:05]} Bg7
{[%clk 1:31:16]} 3. e4 {[%clk 1:31:26]} d6 {[%clk 1:31:36]} 4. Nc3
{[%clk 1:31:43]} Nf6 {[%clk 1:31:59]} 5. Nf3 {[%clk 1:31:48]} O-O
{[%clk 1:32:22]} 6. h3 {[%clk 1:32:07]} e5 {[%clk 1:32:45]} 7. d5
{[%clk 1:32:28]} Nh5 {[%clk 1:33:10]} 8. g3 {[%clk 1:31:32]} f5 {[%clk 1:28:28]}
9. exf5 {[%clk 1:30:52]} gxf5 {[%clk 1:28:48]} 10. Nh4 {[%clk 1:31:00]} Nf6
{[%clk 1:28:10]} 11. Qc2 {[%clk 1:30:29]} Na6 {[%clk 1:16:06]} 12. Bg5
{[%clk 1:28:40]} Qe8 {[%clk 1:04:27]} 13. Be2 {[%clk 1:26:48]} h6
{[%clk 0:54:51]} 14. Bd2 {[%clk 1:25:54]} Nc5 {[%clk 0:38:06]} 15. Be3
{[%clk 1:22:44]} e4 {[%clk 0:33:35]} 16. O-O-O {[%clk 1:04:31]} Bd7
{[%clk 0:30:15]} 17. Qd2 {[%clk 0:58:45]} Kh7 {[%clk 0:11:23]} 18. Rdg1
{[%clk 0:54:06]} Qf7 {[%clk 0:08:37]} 19. g4 {[%clk 0:36:06]} f4 {[%clk 0:08:35]}
20. Bxc5 {[%clk 0:36:18]} dxc5 {[%clk 0:07:19]} 21. Qxf4 {[%clk 0:36:37]} Rae8
{[%clk 0:06:22]} 22. Qxc7 {[%clk 0:24:07]} b5 {[%clk 0:06:39]} 23. Nf5
{[%clk 0:15:28]} Bxf5 {[%clk 0:04:43]} 24. Qxf7 {[%clk 0:15:51]} Rxf7
{[%clk 0:05:10]} 25. gxf5 {[%clk 0:16:14]} b4 {[%clk 0:05:27]} 26. Nd1
{[%clk 0:14:45]} a5 {[%clk 0:04:55]} 27. Ne3 {[%clk 0:15:03]} a4 {[%clk 0:05:15]}
28. Rg6 {[%clk 0:10:18]} Ref8 {[%clk 0:04:43]} 29. Rhg1 {[%clk 0:10:22]} a3
{[%clk 0:04:28]} 30. bxa3 {[%clk 0:09:33]} bxa3 {[%clk 0:04:57]} 31. Bd1
{[%clk 0:07:19]} Rb8 {[%clk 0:04:35]} 32. Bb3 {[%clk 0:06:30]} Nd7
{[%clk 0:04:04]} 33. Ra6 {[%clk 0:06:29]} Ne5 {[%clk 0:02:54]} 34. Rxa3
{[%clk 0:05:42]} Nd3+ {[%clk 0:03:23]} 35. Kd2 {[%clk 0:05:59]} Nxf2
{[%clk 0:03:48]} 36. h4 {[%clk 0:01:25]} Bd4 {[%clk 0:03:43]} 37. Rf1
{[%clk 0:01:36]} Nd3 {[%clk 0:03:30]} 38. Ra6 {[%clk 0:01:50]} Nb4
{[%clk 0:03:25]} 39. Re6 {[%clk 0:01:39]} Nxa2 {[%clk 0:03:31]} 40. Bc2
{[%clk 0:02:05]} Rb2 {[%clk 0:02:12]} 41. Nd1 {[%clk 0:22:17]} Rxc2+
{[%clk 0:20:41]} 42. Kxc2 {[%clk 0:21:22]} Nb4+ {[%clk 0:21:07]} 43. Kb3
{[%clk 0:16:06]} Rb7 {[%clk 0:21:07]} 44. d6 {[%clk 0:15:27]} Nc6+
{[%clk 0:15:49]} 45. Kc2 {[%clk 0:15:46]} Be5 {[%clk 0:15:40]} 46. Kd2
{[%clk 0:14:39]} Rb3 {[%clk 0:13:18]} 47. d7 {[%clk 0:13:48]} Rd3+
{[%clk 0:04:55]} 48. Kc1 {[%clk 0:12:45]} e3 {[%clk 0:02:45]} 49. Nxe3
{[%clk 0:12:30]} 1-0

[Event "SS Manhem Chess Week 2016 GM and IM tournaments"]
[Site "Idrottsvägen 2, Mölnlycke, Sweden"]
[Date "2016.08.13"]
[Round "1.8"]
[White "Efroimski, Marsel"]
[Black "Ask, Josef"]
[Result "1-0"]
[BlackElo "2208"]
[WhiteElo "2329"]
[LiveChessVersion "1.4.8"]

1. e4 {[%clk 1:30:58]} e6 {[%clk 1:30:31]} 2. d4 {[%clk 1:31:04]} d5
{[%clk 1:30:44]} 3. Nd2 {[%clk 1:30:56]} Nf6 {[%clk 1:30:08]} 4. e5
{[%clk 1:31:22]} Nfd7 {[%clk 1:30:31]} 5. Bd3 {[%clk 1:30:08]} c5
{[%clk 1:30:43]} 6. c3 {[%clk 1:29:55]} Nc6 {[%clk 1:30:38]} 7. Ngf3
{[%clk 1:30:15]} Be7 {[%clk 1:29:24]} 8. O-O {[%clk 1:29:49]} g5 {[%clk 1:28:57]}
9. dxc5 {[%clk 1:29:47]} Ndxe5 {[%clk 1:15:26]} 10. Nxe5 {[%clk 1:22:53]} Nxe5
{[%clk 1:15:44]} 11. Nb3 {[%clk 1:23:02]} Nxd3 {[%clk 1:03:25]} 12. Qxd3
{[%clk 1:23:26]} e5 {[%clk 1:03:01]} 13. Qe2 {[%clk 1:06:46]} f6 {[%clk 0:59:44]}
14. Qh5+ {[%clk 1:01:23]} Kf8 {[%clk 0:53:45]} 15. h4 {[%clk 0:42:10]} Kg7
{[%clk 0:47:55]} 16. hxg5 {[%clk 0:35:23]} fxg5 {[%clk 0:48:14]} 17. Be3
{[%clk 0:27:42]} Qe8 {[%clk 0:42:28]} 18. Qf3 {[%clk 0:24:28]} Qf7
{[%clk 0:20:34]} 19. Qg3 {[%clk 0:24:44]} Qf5 {[%clk 0:20:31]} 20. f4
{[%clk 0:20:27]} exf4 {[%clk 0:20:00]} 21. Rxf4 {[%clk 0:20:41]} Qg6
{[%clk 0:19:28]} 22. Bd4+ {[%clk 0:20:21]} Kg8 {[%clk 0:17:09]} 23. Rff1
{[%clk 0:20:10]} h5 {[%clk 0:16:31]} 24. Bxh8 {[%clk 0:20:28]} Kxh8
{[%clk 0:15:44]} 25. Qe5+ {[%clk 0:20:20]} Qg7 {[%clk 0:16:03]} 26. Rae1
{[%clk 0:20:45]} 1-0

[Event "SS Manhem Chess Week 2016 GM and IM tournaments"]
[Site "Idrottsvägen 2, Mölnlycke, Sweden"]
[Date "2016.08.13"]
[Round "1.9"]
[White "Fries-Nielsen, Jens Ove"]
[Black "Andersson, Tommy"]
[Result "0-1"]
[BlackElo "2386"]
[WhiteElo "2369"]
[LiveChessVersion "1.4.8"]

1. d4 {[%clk 1:28:36]} Nf6 {[%clk 1:30:52]} 2. Bg5 {[%clk 1:27:30]} e6
{[%clk 1:30:53]} 3. e4 {[%clk 1:27:23]} h6 {[%clk 1:31:15]} 4. Bxf6
{[%clk 1:27:38]} Qxf6 {[%clk 1:31:42]} 5. a3 {[%clk 1:27:33]} b6 {[%clk 1:27:57]}
6. Nc3 {[%clk 1:27:14]} Bb7 {[%clk 1:28:23]} 7. Nf3 {[%clk 1:23:41]} d6
{[%clk 1:25:22]} 8. d5 {[%clk 1:20:36]} a6 {[%clk 1:24:30]} 9. dxe6
{[%clk 1:03:29]} Qxe6 {[%clk 1:22:48]} 10. Bd3 {[%clk 1:02:39]} Nd7
{[%clk 1:21:28]} 11. O-O {[%clk 1:02:41]} c6 {[%clk 1:17:03]} 12. Re1
{[%clk 1:00:22]} Be7 {[%clk 1:04:03]} 13. Nd4 {[%clk 0:59:41]} Qf6
{[%clk 1:01:44]} 14. Nf5 {[%clk 0:58:25]} O-O {[%clk 0:58:52]} 15. Re3
{[%clk 0:55:59]} Kh8 {[%clk 0:46:26]} 16. Rg3 {[%clk 0:54:14]} Rg8
{[%clk 0:46:50]} 17. f4 {[%clk 0:47:41]} Nc5 {[%clk 0:41:19]} 18. Qh5
{[%clk 0:45:45]} Nxd3 {[%clk 0:41:02]} 19. Rxd3 {[%clk 0:43:11]} Bf8
{[%clk 0:40:19]} 20. Ne3 {[%clk 0:39:29]} Re8 {[%clk 0:36:01]} 21. Rf1
{[%clk 0:37:39]} d5 {[%clk 0:33:55]} 22. e5 {[%clk 0:37:03]} Qe6 {[%clk 0:33:11]}
23. Qd1 {[%clk 0:22:15]} a5 {[%clk 0:30:44]} 24. Rf3 {[%clk 0:17:13]} g5
{[%clk 0:21:53]} 25. fxg5 {[%clk 0:12:37]} Rxg5 {[%clk 0:22:01]} 26. Ne2
{[%clk 0:12:43]} Qxe5 {[%clk 0:19:18]} 27. Nf4 {[%clk 0:09:35]} Qxb2
{[%clk 0:17:06]} 28. h4 {[%clk 0:08:04]} Rg8 {[%clk 0:14:45]} 29. Rb3
{[%clk 0:07:56]} Qe5 {[%clk 0:14:00]} 30. Nd3 {[%clk 0:07:59]} Qc7
{[%clk 0:10:14]} 31. Qf1 {[%clk 0:07:47]} Rg7 {[%clk 0:09:31]} 32. Nf5
{[%clk 0:07:46]} Rg4 {[%clk 0:08:12]} 33. Qf2 {[%clk 0:05:37]} c5
{[%clk 0:06:51]} 34. Ne3 {[%clk 0:05:40]} Rg7 {[%clk 0:05:35]} 35. Nf5
{[%clk 0:04:58]} Rg4 {[%clk 0:03:56]} 36. Ne3 {[%clk 0:04:54]} Rg7
{[%clk 0:02:17]} 37. Nf5 {[%clk 0:05:23]} Rg6 {[%clk 0:02:36]} 38. Nf4
{[%clk 0:05:23]} Rg4 {[%clk 0:01:41]} 39. Ne3 {[%clk 0:04:52]} Rxe3
{[%clk 0:00:42]} 40. Qxe3 {[%clk 0:00:39]} d4 {[%clk 0:00:42]} 41. Qe8
{[%clk 0:24:13]} Qe7 {[%clk 0:30:53]} 42. Qxe7 {[%clk 0:22:15]} Bxe7
{[%clk 0:31:04]} 43. Rf1 {[%clk 0:21:41]} Bd8 {[%clk 0:29:32]} 44. Re1
{[%clk 0:18:21]} Bc6 {[%clk 0:28:38]} 45. g3 {[%clk 0:17:25]} c4 {[%clk 0:23:20]}
46. Rbb1 {[%clk 0:16:32]} Rxg3+ {[%clk 0:22:58]} 0-1

[Event "SS Manhem Chess Week 2016 GM and IM tournaments"]
[Site "Idrottsvägen 2, Mölnlycke, Sweden"]
[Date "2016.08.13"]
[Round "1.10"]
[White "Kumar, Rahul"]
[Black "Fendrich, David"]
[Result "0-1"]
[BlackElo "2201"]
[WhiteElo "2184"]
[LiveChessVersion "1.4.8"]

1. d4 Nf6 2. Bf4 g6 3. Nc3 d5 4. Qd2 c5 5. dxc5 Bg7 6. O-O-O O-O 7. Bh6 Nc6 8.
Bxg7 Kxg7 9. Nf3 Qa5 10. h4 h5 11. Nd4 Qxc5 12. e3 Rd8 13. Nb3 Qb6 14. f3 e5 15.
Bb5 Be6 16. Qe2 Rac8 17. Na4 Qc7 18. Nac5 Bf5 19. e4 dxe4 20. Rxd8 Rxd8 21. fxe4
Bg4 22. Qf2 Nd4 23. Rf1 Nxe4 24. Nxe4 Nxb5 25. Qf6+ Kg8 26. Nbc5 Nd4 27. c3 Bf5
28. Ng3 Rd6 29. Qxe5 Nb3+ 30. Nxb3 Rd1+ 31. Rxd1 Qxe5 32. Nxf5 Qf4+ 33. Rd2 Qf1+
34. Rd1 Qf4+ 35. Rd2 Qf1+ 36. Rd1 Qxf5 37. Rd4 Qf1+ 38. Kc2 Qxg2+ 39. Nd2 Kg7 40.
b4 g5 41. hxg5 Qxg5 42. Kb3 Qg3 43. Ne4 Qe1 44. Nd6 b6 45. Nf5+ Kf6 46. Nh4 b5
47. Kc2 Qf2+ 48. Kb3 Kg5 49. a4 bxa4+ 50. Kxa4 f5 51. Nxf5 Kxf5 52. Rd5+ Ke4 53.
c4 h4 54. Rh5 Kd4 55. Kb5 h3 56. Ka6 Kxc4 57. Rxh3 Qb6# 0-1

[Event "SS Manhem Chess Week 2016 GM and IM tournaments"]
[Site "Idrottsvägen 2, Mölnlycke, Sweden"]
[Date "2016.08.14"]
[Round "2.6"]
[White "Ernst, Thomas"]
[Black "Fendrich, David"]
[Result "1-0"]
[BlackElo "2201"]
[WhiteElo "2357"]
[LiveChessVersion "1.4.8"]

1. e4 {[%clk 1:30:56]} d6 {[%clk 1:30:52]} 2. d4 {[%clk 1:31:04]} e5
{[%clk 1:31:15]} 3. Nf3 {[%clk 1:29:57]} exd4 {[%clk 1:31:38]} 4. Nxd4
{[%clk 1:30:13]} Nf6 {[%clk 1:32:01]} 5. Nc3 {[%clk 1:30:33]} Be7
{[%clk 1:32:25]} 6. g3 {[%clk 1:30:03]} Nc6 {[%clk 1:32:38]} 7. Nde2
{[%clk 1:29:55]} Bg4 {[%clk 1:26:25]} 8. Bg2 {[%clk 1:30:08]} O-O
{[%clk 1:23:39]} 9. h3 {[%clk 1:29:32]} Bd7 {[%clk 1:21:23]} 10. O-O
{[%clk 1:29:19]} Re8 {[%clk 1:21:27]} 11. b3 {[%clk 1:25:32]} Bf8
{[%clk 1:18:42]} 12. Bb2 {[%clk 1:25:37]} Nb4 {[%clk 1:13:24]} 13. Re1
{[%clk 1:22:46]} c5 {[%clk 1:02:22]} 14. a3 {[%clk 1:17:12]} Na6 {[%clk 1:01:57]}
15. Nf4 {[%clk 1:12:39]} Nc7 {[%clk 0:57:21]} 16. Qd2 {[%clk 1:10:46]} Rc8
{[%clk 0:50:51]} 17. Rad1 {[%clk 0:55:27]} b5 {[%clk 0:49:23]} 18. Ncd5
{[%clk 0:53:31]} Nfxd5 {[%clk 0:47:32]} 19. exd5 {[%clk 0:53:45]} Qg5
{[%clk 0:44:00]} 20. h4 {[%clk 0:45:41]} Qh6 {[%clk 0:42:32]} 21. c4
{[%clk 0:35:34]} bxc4 {[%clk 0:36:02]} 22. bxc4 {[%clk 0:36:01]} Be7
{[%clk 0:33:51]} 23. Bc1 {[%clk 0:29:52]} Ba4 {[%clk 0:31:45]} 24. Qa5
{[%clk 0:29:48]} Bxd1 {[%clk 0:31:51]} 25. Rxd1 {[%clk 0:30:15]} Bd8
{[%clk 0:20:49]} 26. Qxa7 {[%clk 0:29:53]} Qf6 {[%clk 0:20:56]} 27. Qb7
{[%clk 0:28:51]} Ra8 {[%clk 0:21:10]} 28. Bb2 {[%clk 0:27:44]} Qf5
{[%clk 0:21:17]} 29. Bh3 {[%clk 0:24:30]} Qc2 {[%clk 0:20:47]} 30. Rc1
{[%clk 0:24:28]} Qd2 {[%clk 0:20:43]} 31. Rf1 {[%clk 0:24:15]} Qc2
{[%clk 0:16:08]} 32. Nh5 {[%clk 0:22:43]} Qxc4 {[%clk 0:15:06]} 33. Bxg7
{[%clk 0:18:53]} Rxa3 {[%clk 0:11:12]} 34. Ba1 {[%clk 0:18:00]} Nxd5
{[%clk 0:07:05]} 35. Qb2 {[%clk 0:11:28]} Rc3 {[%clk 0:06:24]} 36. Bg2
{[%clk 0:11:38]} Nf6 {[%clk 0:04:14]} 37. Qd2 {[%clk 0:10:05]} Nxh5
{[%clk 0:03:46]} 38. Bxc3 {[%clk 0:10:27]} Ng7 {[%clk 0:01:57]} 39. Rc1
{[%clk 0:07:35]} Nf5 {[%clk 0:01:44]} 40. Bf6 {[%clk 0:07:13]} Qxc1+
{[%clk 0:00:40]} 41. Qxc1 {[%clk 0:07:01]} Bxf6 {[%clk 0:01:02]} 42. Qf4
{[%clk 0:05:44]} Re1+ {[%clk 0:22:05]} 43. Kh2 {[%clk 0:34:56]} Nxh4
{[%clk 0:20:19]} 44. Qxf6 {[%clk 0:35:13]} Nxg2 {[%clk 0:20:44]} 45. Qxd6
{[%clk 0:34:54]} Ne3 {[%clk 0:18:25]} 46. fxe3 {[%clk 0:34:44]} 1-0

[Event "SS Manhem Chess Week 2016 GM and IM tournaments"]
[Site "Idrottsvägen 2, Mölnlycke, Sweden"]
[Date "2016.08.14"]
[Round "2.7"]
[White "Andersson, Tommy"]
[Black "Kumar, Rahul"]
[Result "1-0"]
[BlackElo "2184"]
[WhiteElo "2386"]
[LiveChessVersion "1.4.8"]

1. d4 {[%clk 1:30:50]} d6 {[%clk 1:30:40]} 2. e4 {[%clk 1:30:45]} g6
{[%clk 1:30:55]} 3. Be3 {[%clk 1:29:29]} Bg7 {[%clk 1:30:59]} 4. Qd2
{[%clk 1:29:07]} a6 {[%clk 1:25:20]} 5. c4 {[%clk 1:25:04]} b6 {[%clk 1:23:03]}
6. Nc3 {[%clk 1:25:14]} c5 {[%clk 1:22:41]} 7. d5 {[%clk 1:25:02]} Ra7
{[%clk 1:12:26]} 8. f3 {[%clk 1:19:24]} e5 {[%clk 1:08:14]} 9. dxe6
{[%clk 1:14:31]} Bxe6 {[%clk 1:08:27]} 10. O-O-O {[%clk 1:13:57]} Rd7
{[%clk 1:08:22]} 11. h4 {[%clk 1:13:07]} h5 {[%clk 1:03:48]} 12. Bg5
{[%clk 1:09:02]} Qc7 {[%clk 0:45:38]} 13. Nd5 {[%clk 1:05:17]} Qb7
{[%clk 0:45:34]} 14. Bd3 {[%clk 0:56:16]} Nc6 {[%clk 0:44:41]} 15. Ne2
{[%clk 0:56:08]} f6 {[%clk 0:36:36]} 16. Be3 {[%clk 0:53:11]} Nge7
{[%clk 0:36:50]} 17. Nef4 {[%clk 0:52:59]} Bf7 {[%clk 0:36:52]} 18. g4
{[%clk 0:52:53]} Ne5 {[%clk 0:33:54]} 19. gxh5 {[%clk 0:49:44]} g5
{[%clk 0:19:23]} 20. hxg5 {[%clk 0:47:31]} fxg5 {[%clk 0:19:48]} 21. Qg2
{[%clk 0:36:49]} Nxd5 {[%clk 0:14:46]} 22. Nxd5 {[%clk 0:36:47]} Rxh5
{[%clk 0:15:03]} 23. Be2 {[%clk 0:33:11]} Rxh1 {[%clk 0:05:50]} 24. Rxh1
{[%clk 0:32:34]} Bxd5 {[%clk 0:05:09]} 25. cxd5 {[%clk 0:31:42]} Rf7
{[%clk 0:05:00]} 26. Bxg5 {[%clk 0:31:21]} c4 {[%clk 0:04:38]} 27. Qh3
{[%clk 0:25:10]} Qd7 {[%clk 0:02:33]} 28. f4 {[%clk 0:22:35]} Nd3+
{[%clk 0:01:58]} 29. Bxd3 {[%clk 0:22:32]} cxd3 {[%clk 0:02:23]} 30. Qxd3
{[%clk 0:16:50]} Qb7 {[%clk 0:01:15]} 31. Kb1 {[%clk 0:16:43]} Rc7
{[%clk 0:00:46]} 32. Qh3 {[%clk 0:13:36]} Qc8 {[%clk 0:00:33]} 33. Qh5+
{[%clk 0:12:00]} Kf8 {[%clk 0:00:43]} 34. Qg6 {[%clk 0:10:22]} Qd7 1-0

[Event "SS Manhem Chess Week 2016 GM and IM tournaments"]
[Site "Idrottsvägen 2, Mölnlycke, Sweden"]
[Date "2016.08.14"]
[Round "2.8"]
[White "Ask, Josef"]
[Black "Fries-Nielsen, Jens Ove"]
[Result "0-1"]
[BlackElo "2369"]
[WhiteElo "2208"]
[LiveChessVersion "1.4.8"]

1. d4 {[%clk 1:30:52]} d5 {[%clk 1:29:36]} 2. Nf3 {[%clk 1:30:58]} Nf6
{[%clk 1:28:06]} 3. c4 {[%clk 1:29:42]} e6 {[%clk 1:28:15]} 4. Nc3
{[%clk 1:28:59]} Be7 {[%clk 1:28:37]} 5. Bg5 {[%clk 1:28:00]} Ne4
{[%clk 1:28:27]} 6. Bxe7 {[%clk 1:27:49]} Qxe7 {[%clk 1:28:49]} 7. cxd5
{[%clk 1:25:28]} Nxc3 {[%clk 1:29:15]} 8. bxc3 {[%clk 1:25:54]} exd5
{[%clk 1:29:41]} 9. Qb3 {[%clk 1:25:32]} Qd6 {[%clk 1:25:10]} 10. e3
{[%clk 1:20:53]} O-O {[%clk 1:19:50]} 11. c4 {[%clk 1:15:10]} dxc4
{[%clk 1:19:07]} 12. Bxc4 {[%clk 1:15:10]} Nc6 {[%clk 1:19:35]} 13. O-O
{[%clk 1:07:22]} Na5 {[%clk 1:19:49]} 14. Qc3 {[%clk 1:07:04]} Nxc4
{[%clk 1:19:40]} 15. Qxc4 {[%clk 1:07:28]} Be6 {[%clk 1:19:40]} 16. Qc2
{[%clk 1:06:30]} f6 {[%clk 1:17:23]} 17. Rab1 {[%clk 1:03:28]} b6
{[%clk 1:17:11]} 18. Rfc1 {[%clk 1:02:40]} Rac8 {[%clk 1:04:10]} 19. Nd2
{[%clk 0:59:34]} c5 {[%clk 0:55:53]} 20. Ne4 {[%clk 0:47:08]} Qd5
{[%clk 0:54:33]} 21. dxc5 {[%clk 0:45:05]} Bf5 {[%clk 0:53:47]} 22. Nc3
{[%clk 0:44:21]} Bxc2 {[%clk 0:41:44]} 23. Nxd5 {[%clk 0:44:41]} Bxb1
{[%clk 0:41:26]} 24. Ne7+ {[%clk 0:44:46]} Kf7 {[%clk 0:41:55]} 25. Nxc8
{[%clk 0:45:10]} Rxc8 {[%clk 0:42:16]} 26. Rxb1 {[%clk 0:45:26]} Rxc5
{[%clk 0:42:42]} 27. g3 {[%clk 0:43:36]} Ke6 {[%clk 0:40:08]} 28. h4
{[%clk 0:37:46]} b5 {[%clk 0:33:40]} 29. Kg2 {[%clk 0:36:02]} a5 {[%clk 0:33:20]}
30. Kf3 {[%clk 0:35:27]} Kd5 {[%clk 0:29:06]} 31. Rd1+ {[%clk 0:30:49]} Kc6
{[%clk 0:28:38]} 32. Rd2 {[%clk 0:30:21]} b4 {[%clk 0:28:41]} 33. e4
{[%clk 0:24:53]} a4 {[%clk 0:26:31]} 34. Ke3 {[%clk 0:24:19]} Rc3+
{[%clk 0:19:36]} 35. Kd4 {[%clk 0:21:18]} Kb5 {[%clk 0:18:37]} 36. f4
{[%clk 0:13:51]} Rc7 {[%clk 0:18:12]} 37. Ke3 {[%clk 0:10:32]} b3
{[%clk 0:18:26]} 38. axb3 {[%clk 0:10:30]} axb3 {[%clk 0:18:51]} 39. e5
{[%clk 0:07:41]} fxe5 {[%clk 0:16:58]} 40. fxe5 {[%clk 0:08:04]} Kc5
{[%clk 0:09:12]} 41. Ke4 {[%clk 0:06:55]} Rb7 {[%clk 0:07:50]} 42. Rb2
{[%clk 0:06:06]} g6 {[%clk 0:07:06]} 43. Kf4 {[%clk 0:02:50]} Kd5
{[%clk 0:03:11]} 44. h5 {[%clk 0:29:51]} Rb6 {[%clk 0:30:03]} 45. hxg6
{[%clk 0:28:09]} hxg6 {[%clk 0:30:27]} 46. Rd2+ {[%clk 0:21:01]} Kc5
{[%clk 0:29:12]} 47. Rb2 {[%clk 0:20:24]} Kc4 {[%clk 0:26:04]} 48. Ke4
{[%clk 0:19:07]} Kc3 {[%clk 0:23:53]} 49. Rb1 {[%clk 0:18:50]} Kc2 50. Rg1
{[%clk 0:14:05]} b2 {[%clk 0:22:33]} 51. Kd5 {[%clk 0:13:51]} b1=Q
{[%clk 0:21:41]} 52. Rxb1 {[%clk 0:14:15]} Rxb1 {[%clk 0:21:54]} 53. e6
{[%clk 0:14:29]} Re1 {[%clk 0:20:41]} 54. Kd6 {[%clk 0:14:25]} Kd3 55. e7
{[%clk 0:13:46]} g5 {[%clk 0:19:55]} 56. g4 {[%clk 0:09:41]} Re4 {[%clk 0:19:58]}
57. Kd7 Ke3 0-1